[Event "WchT Blitz Final"]
[Site "London"]
[Date "2025.06.15"]
[Round "2.2"]
[White "Hou, Yifan"]
[Black "Wagner, Dinara"]
[Result "1/2-1/2"]
[WhiteElo "2633"]
[BlackElo "2404"]
[PlyCount "195"]
[EventDate "2025.06.15"]
[EventType "team-k.o. (blitz)"]
[EventRounds "4"]
[EventCountry "ENG"]
[SourceTitle "CB25_2025"]
[SourceDate "2025.06.18"]
[SourceVersion "1"]
[SourceVersionDate "2025.06.18"]
[SourceQuality "1"]
[WhiteTeam "WR Chess"]
[BlackTeam "Germany and Friends"]
[WhiteTeamCountry "GER"]
[BlackTeamCountry "GER"]

1. e4 c5 2. d4 cxd4 3. Qxd4 Nc6 4. Qd3 Nf6 5. Nf3 d6 6. Nc3 g6 7. Be2 Bg7 8. 0-0 0-0 9. Nd5 Bd7 10. c3 Ng4 11. Bg5 Re8 12. Rad1 Nge5 13. Nxe5 Nxe5 14. Qe3 Bc6 15. f4 Nd7 16. Kh1 Bxd5 17. exd5 Qb6 18. Qd2 Nf6 19. Bh4 a6 20. Bf2 Qa5 21. b4 Qc7 22. Qd3 a5 23. a3 axb4 24. axb4 Ra3 25. Bd4 Nd7 26. Bxg7 Kxg7 27. Qd4+ f6 28. Bb5 Rea8 29. Rde1 Nf8 30. c4 Ra2 31. Qe4 Kf7 32. h3 Rb2 33. Rb1 Raa2 34. Rxb2 Rxb2 35. Qe1 Qb6 36. Qc3 Ra2 37. Kh2 h5 38. Qb3 Rd2 39. Qc3 Ra2 40. Qd3 h4 41. c5 dxc5 42. Bc4 Ra8 43. d6+ e6 44. bxc5 Qxc5 45. Rb1 Rd8 46. Rxb7+ Rd7 47. Rxd7+ Nxd7 48. Bb5 Nb6 49. d7 Nxd7 50. Qxd7+ Kf8 51. Be2 Qe3 52. Qd1 Qxf4+ 53. Kh1 Kg7 54. Qd7+ Kh6 55. Qxe6 Qc1+ 56. Kh2 Qf4+ 57. Kg1 Qc1+ 58. Bf1 Qc5+ 59. Kh1 Qf2 60. Qc4 Qg3 61. Qc1+ Kg7 62. Qd1 Qf2 63. Bd3 Qg3 64. Qe2 Qf4 65. Qe7+ Kh6 66. Qf8+ Kg5 67. Qc5+ Kh6 68. Qc2 Qg3 69. Qe2 Qf4 70. Be4 Qc1+ 71. Kh2 Qf4+ 72. Kg1 Qc1+ 73. Kf2 Qf4+ 74. Bf3 Qd6 75. Qe3+ Kg7 76. Qe4 Qd2+ 77. Kg1 Qc1+ 78. Kf2 Qd2+ 79. Be2 Qg5 80. Bd3 Qg3+ 81. Kg1 Qg5 82. Qe7+ Kh6 83. Qf8+ Kh7 84. Qf7+ Kh6 85. Qf8+ Kh7 86. Qe7+ Kh6 87. Qd6 Qc1+ 88. Kh2 Qg5 89. Qc7 Qd2 90. Be4 Qg5 91. Bf3 Qe3 92. Qc4 Qg5 93. Qg4 Qe5+ 94. Kg1 Qe1+ 95. Kh2 Qe5+ 96. Kg1 Qe1+ 97. Kh2 Qe5+ 98. Kg1 1/2-1/2

[Event "WchT Blitz Final"]
[Site "London"]
[Date "2025.06.15"]
[Round "2.1"]
[White "Wagner, Dinara"]
[Black "Kosteniuk, Alexandra"]
[Result "0-1"]
[WhiteElo "2404"]
[BlackElo "2474"]
[PlyCount "56"]
[EventDate "2025.06.15"]
[EventType "team-k.o. (blitz)"]
[EventRounds "4"]
[EventCountry "ENG"]
[SourceTitle "CB25_2025"]
[SourceDate "2025.06.18"]
[SourceVersion "1"]
[SourceVersionDate "2025.06.18"]
[SourceQuality "1"]
[WhiteTeam "Germany and Friends"]
[BlackTeam "WR Chess"]
[WhiteTeamCountry "GER"]
[BlackTeamCountry "GER"]

1. d4 Nf6 2. c4 e6 3. Nf3 d5 4. g3 dxc4 5. Bg2 Nc6 6. Qa4 Bb4+ 7. Bd2 Bd6 8. Bc3 0-0 9. Nbd2 Rb8 10. Qc2 b5 11. a3 a5 12. Ne5 Bxe5 13. dxe5 Nd5 14. Nf3 Nxc3 15. bxc3 Bb7 16. 0-0 Qe7 17. a4 b4 18. cxb4 axb4 19. Qxc4 Na5 20. Qb5 Nb3 21. Qd3 Nxa1 22. Rxa1 b3 23. Qxb3 Bd5 24. Qc2 h6 25. a5 c5 26. Nd2 Bxg2 27. Kxg2 Qb7+ 28. Kf1 Qh1# 0-1

[Event "WchT Blitz Pool C"]
[Site "London"]
[Date "2025.06.14"]
[Round "4.5"]
[White "Wagner, Dinara"]
[Black "Nurmanova, Alua"]
[Result "1-0"]
[WhiteElo "2404"]
[BlackElo "2339"]
[PlyCount "97"]
[EventDate "2025.06.14"]
[EventType "team-tourn"]
[EventRounds "13"]
[EventCountry "ENG"]
[SourceTitle "CB25_2025"]
[SourceDate "2025.06.18"]
[SourceVersion "1"]
[SourceVersionDate "2025.06.18"]
[SourceQuality "1"]
[WhiteTeam "Germany and Friends"]
[BlackTeam "Rookies"]
[WhiteTeamCountry "GER"]
[BlackTeamCountry "KAZ"]

1. d4 Nf6 2. c4 g6 3. Nc3 Bg7 4. e4 d6 5. Nf3 0-0 6. Be2 e5 7. d5 a5 8. Be3 Ng4 9. Bg5 f6 10. Bh4 g5 11. Bg3 Nh6 12. Nd2 Na6 13. f3 f5 14. h3 Nc5 15. Bf2 b6 16. Qc2 fxe4 17. fxe4 Bd7 18. Be3 Qe7 19. 0-0-0 Kh8 20. Nf3 Nf7 21. Nh2 Kg8 22. Bg4 Nh8 23. Bxd7 Nxd7 24. Nf1 Ng6 25. Ng3 Nh4 26. Kb1 Nc5 27. Rdf1 h6 28. Qe2 a4 29. Qc2 Rf4 30. Bxc5 bxc5 31. Nxa4 Rff8 32. Nc3 Rab8 33. Nb5 Qd7 34. Qe2 c6 35. dxc6 Qxc6 36. Qd3 Rbd8 37. Qe2 Rf4 38. a3 Rdf8 39. Nc3 Rb8 40. Nd5 Qb7 41. Nh5 Rxe4 42. Nhf6+ Bxf6 43. Nxf6+ Kh8 44. Nxe4 Qb3 45. Qc2 Qxa3 46. Rf6 Kg7 47. Rhf1 Qa7 48. Nxd6 Qa5 49. Rf7+ 1-0

[Event "WchT Rapid"]
[Site "London"]
[Date "2025.06.13"]
[Round "11.5"]
[White "Wagner, Dinara"]
[Black "Hou, Yifan"]
[Result "1/2-1/2"]
[WhiteElo "2372"]
[BlackElo "2539"]
[PlyCount "59"]
[EventDate "2025.06.11"]
[EventType "team-swiss"]
[EventRounds "12"]
[EventCountry "ENG"]
[SourceTitle "CB25_2025"]
[SourceDate "2025.06.18"]
[SourceVersion "1"]
[SourceVersionDate "2025.06.18"]
[SourceQuality "1"]
[WhiteTeam "Germany and Friends"]
[BlackTeam "WR Chess"]
[WhiteTeamCountry "GER"]
[BlackTeamCountry "GER"]

1. d4 d5 2. c4 e6 3. Nf3 a6 4. cxd5 exd5 5. Nc3 Nf6 6. Bg5 Be6 7. Bxf6 Qxf6 8. Qb3 b6 9. e3 Qd8 10. h4 Be7 11. 0-0-0 Nd7 12. Kb1 b5 13. Qc2 Rc8 14. e4 Nb6 15. Nxd5 Nxd5 16. Qc6+ Kf8 17. exd5 Qxd5 18. Qxd5 Bxd5 19. Ne5 f6 20. Nd3 Bd6 21. Nc5 c6 22. f3 Kf7 23. Bd3 Bxc5 24. dxc5 h5 25. Rhe1 Rhe8 26. a3 Bb3 27. Bc2 Bxc2+ 28. Kxc2 Rxe1 29. Rxe1 a5 30. Rd1 1/2-1/2

[Event "WchT Rapid"]
[Site "London"]
[Date "2025.06.12"]
[Round "8.5"]
[White "Bulmaga, Irina"]
[Black "Wagner, Dinara"]
[Result "1/2-1/2"]
[WhiteElo "2372"]
[BlackElo "2372"]
[PlyCount "48"]
[EventDate "2025.06.11"]
[EventType "team-swiss"]
[EventRounds "12"]
[EventCountry "ENG"]
[SourceTitle "CB25_2025"]
[SourceDate "2025.06.18"]
[SourceVersion "1"]
[SourceVersionDate "2025.06.18"]
[SourceQuality "1"]
[WhiteTeam "Malcolm's Mates"]
[BlackTeam "Germany and Friends"]
[WhiteTeamCountry "ENG"]
[BlackTeamCountry "GER"]

1. e4 c5 2. c3 d5 3. exd5 Qxd5 4. d4 Nf6 5. Nf3 Nc6 6. Be3 Bg4 7. Be2 e6 8. 0-0 cxd4 9. Nxd4 Bxe2 10. Qxe2 Nxd4 11. Bxd4 Be7 12. Nd2 0-0 13. Nf3 Qe4 14. Qd1 Rfd8 15. Re1 Qc6 16. Qb3 b6 17. a4 Bc5 18. a5 Bxd4 19. Nxd4 Qc5 20. axb6 axb6 21. Rxa8 Rxa8 22. h3 h6 23. Qb5 Ra2 24. Qe2 Ra8 1/2-1/2

[Event "WchT Rapid"]
[Site "London"]
[Date "2025.06.12"]
[Round "6.5"]
[White "Muzychuk, Anna"]
[Black "Wagner, Dinara"]
[Result "1/2-1/2"]
[WhiteElo "2409"]
[BlackElo "2372"]
[PlyCount "171"]
[EventDate "2025.06.11"]
[EventType "team-swiss"]
[EventRounds "12"]
[EventCountry "ENG"]
[SourceTitle "CB25_2025"]
[SourceDate "2025.06.18"]
[SourceVersion "1"]
[SourceVersionDate "2025.06.18"]
[SourceQuality "1"]
[WhiteTeam "Freedom"]
[BlackTeam "Germany and Friends"]
[WhiteTeamCountry "IND"]
[BlackTeamCountry "GER"]

1. e4 c5 2. Nf3 d6 3. Bb5+ Bd7 4. c4 Nc6 5. d4 cxd4 6. Nxd4 Nf6 7. Nc3 a6 8. Bxc6 Bxc6 9. Nxc6 bxc6 10. 0-0 g6 11. Qa4 Qd7 12. Rd1 Qb7 13. c5 dxc5 14. e5 Nd7 15. e6 fxe6 16. Qc4 Nf6 17. Qxe6 Qc8 18. Qc4 Qg4 19. Qxc5 Rc8 20. Bg5 Bg7 21. Re1 0-0 22. h3 Qf5 23. Qxf5 gxf5 24. Rxe7 Nd5 25. Nxd5 cxd5 26. Rd1 d4 27. Re2 Rf7 28. Kf1 Rd7 29. Rd3 Kf7 30. Bf4 Rd5 31. f3 h5 32. Kf2 Bf6 33. g3 Rc6 34. Rb3 Rd7 35. Rd2 Re7 36. h4 Kg6 37. Re2 Rd7 38. Rd3 Rd5 39. Bd2 Rb5 40. Be1 f4 41. Kg2 fxg3 42. Bxg3 Kf5 43. Bf2 Rd5 44. Red2 Rcd6 45. Rc2 Rd7 46. Rc6 a5 47. b3 Re7 48. Kf1 Rb7 49. Rc4 Rbd7 50. a3 Rb7 51. b4 axb4 52. axb4 Ra7 53. Rc5 Rxc5 54. bxc5 Ra1+ 55. Kg2 Rc1 56. Bxd4 Bxd4 57. Rxd4 Rxc5 58. Kg3 Ra5 59. Rd8 Kg6 60. Re8 Ra1 61. Re6+ Kf7 62. Re5 Kg6 63. Rg5+ Kh6 64. Rd5 Ra4 65. Re5 Rb4 66. Re4 Rb5 67. Re6+ Kg7 68. Kf4 Rb1 69. Kg5 Rb5+ 70. Kf4 Rb1 71. Kf5 Rb5+ 72. Re5 Rb4 73. Kg5 Rb3 74. f4 Rg3+ 75. Kxh5 Kf7 76. Rf5+ Ke6 77. Rg5 Rf3 78. Kg6 Rxf4 79. h5 Ke7 80. h6 Rf6+ 81. Kh5 Rf1 82. Kg6 Rf6+ 83. Kg7 Rf7+ 84. Kg8 Rf8+ 85. Kh7 Rf1 86. Kg6 1/2-1/2

[Event "PlusCity Grand Prix Rapid"]
[Site "Pasching"]
[Date "2025.05.30"]
[Round "3"]
[White "Wagner, Dinara"]
[Black "Sarana, Alexey"]
[Result "0-1"]
[WhiteElo "2403"]
[BlackElo "2686"]
[PlyCount "74"]
[EventDate "2025.05.30"]
[EventType "swiss (rapid)"]
[EventRounds "9"]
[EventCountry "AUT"]
[SourceTitle "CB23_2025"]
[SourceDate "2025.06.04"]
[SourceVersion "1"]
[SourceVersionDate "2025.06.04"]
[SourceQuality "1"]

1. d4 Nf6 2. c4 e6 3. Nf3 d5 4. g3 Bb4+ 5. Bd2 Be7 6. Bg2 c6 7. 0-0 Nbd7 8. Qc2 Ne4 9. Nc3 Nxd2 10. Nxd2 0-0 11. e3 Rb8 12. Rab1 a5 13. Qd3 dxc4 14. Nxc4 b5 15. Nd2 Qb6 16. Rfd1 Rd8 17. Qe2 Ba6 18. Qf3 c5 19. d5 c4 20. dxe6 fxe6 21. Nde4 Ne5 22. Qh5 Nd3 23. Ng5 Bxg5 24. Qxg5 b4 25. Ne4 Rf8 26. Qh4 h6 27. g4 Bb7 28. g5 Bxe4 29. Bxe4 Nxf2 30. gxh6 Nxd1 31. Rxd1 Qxe3+ 32. Kh1 Qxh6 33. Qg3 Rf4 34. Bg2 Rbf8 35. Rd7 R4f7 36. Rd1 Qf4 37. Qh3 Qe5 0-1

[Event "GER-ch Blitz (Women)"]
[Site "Munich"]
[Date "2025.05.24"]
[Round "17"]
[White "Braeutigam, Katerina"]
[Black "Wagner, Dinara"]
[Result "0-1"]
[WhiteElo "2143"]
[BlackElo "2403"]
[PlyCount "56"]
[EventDate "2025.05.24"]
[EventType "tourn (blitz)"]
[EventRounds "29"]
[EventCountry "GER"]
[SourceTitle "CB22_2025"]
[SourceDate "2025.05.28"]
[SourceVersion "1"]
[SourceVersionDate "2025.05.28"]
[SourceQuality "1"]

1. e4 c5 2. Nc3 d6 3. g3 Nc6 4. Bg2 g6 5. d3 Bg7 6. f4 Rb8 7. Nf3 b5 8. 0-0 b4 9. Ne2 Nf6 10. h3 0-0 11. Be3 a5 12. c3 c4 13. dxc4 Nxe4 14. Nfd4 Nxd4 15. cxd4 Bb7 16. Qc2 f5 17. d5 Nc5 18. Bd4 e5 19. dxe6 Bxg2 20. Kxg2 Nxe6 21. Bxg7 Kxg7 22. Rad1 Qb6 23. Qd3 Rbd8 24. b3 Rfe8 25. Rf2 Nc5 26. Qd4+ Kg8 27. Nc1 Re6 28. Nd3 Qc6+ 0-1

[Event "GER-ch Blitz (Women)"]
[Site "Munich"]
[Date "2025.05.24"]
[Round "9"]
[White "Dolzhikova, Kateryna"]
[Black "Wagner, Dinara"]
[Result "1-0"]
[WhiteElo "2331"]
[BlackElo "2403"]
[PlyCount "185"]
[EventDate "2025.05.24"]
[EventType "tourn (blitz)"]
[EventRounds "29"]
[EventCountry "GER"]
[SourceTitle "CB22_2025"]
[SourceDate "2025.05.28"]
[SourceVersion "1"]
[SourceVersionDate "2025.05.28"]
[SourceQuality "1"]

1. e4 c5 2. Nf3 d6 3. d4 cxd4 4. Qxd4 Nf6 5. Nc3 a6 6. Bg5 Nc6 7. Qd2 e6 8. a4 Be7 9. Be2 0-0 10. 0-0 b6 11. Rfd1 Bb7 12. h3 Rc8 13. Qe3 Nb4 14. Rd2 d5 15. e5 Nd7 16. Bxe7 Qxe7 17. Nd4 Nc6 18. Nxc6 Rxc6 19. Bd3 Qc5 20. Qg3 Qb4 21. Re1 Qxb2 22. Ne2 Qxe5 23. Qxe5 Nxe5 24. Nd4 Nxd3 25. Rxd3 Rc4 26. Rb1 Ba8 27. Rxb6 Rxa4 28. f4 g6 29. g3 Rc8 30. Kf2 a5 31. Ke3 Kg7 32. g4 Rac4 33. Ra6 a4 34. g5 h6 35. h4 hxg5 36. hxg5 Bb7 37. Ra7 R8c7 38. Ra3 Rc3+ 39. Rxc3 Rxc3+ 40. Kd2 Rc4 41. c3 Bc8 42. Kd3 Kf8 43. Nb5 Rxf4 44. Ra8 Rf5 45. Rxc8+ Kg7 46. Ra8 Rxg5 47. Rxa4 Rf5 48. Nd4 Rf1 49. Ra7 Kf6 50. Ra8 g5 51. Rg8 Rd1+ 52. Ke2 Rc1 53. Kd2 Rf1 54. Ke2 Rg1 55. Nf3 Rg2+ 56. Ke3 Kf5 57. Nd4+ Kf6 58. Nf3 e5 59. Rd8 Ke6 60. Re8+ Kd6 61. Nxe5 f6 62. Nf3 Kc5 63. Rc8+ Kd6 64. Kd4 Rg4+ 65. Kd3 Rf4 66. Nd4 g4 67. Rc6+ Kd7 68. Ra6 g3 69. Ra8 Rf2 70. Rg8 g2 71. Ke3 Ra2 72. Ne2 Kd6 73. Rxg2 Ra3 74. Kd3 Ke5 75. Rg8 Ra1 76. Re8+ Kf5 77. Nd4+ Kf4 78. Rd8 Ke5 79. Nf3+ Kf4 80. Nd4 Ke5 81. Re8+ Kf4 82. Nb3 Ra3 83. Nd2 Ra4 84. Rd8 Ke5 85. Nf3+ Ke6 86. Nd4+ Ke5 87. Re8+ Kf4 88. Ne6+ Kf5 89. Nc7 Ra5 90. Kd4 Ra4+ 91. Kxd5 Kf4 92. c4 f5 93. c5 1-0

[Event "GER-ch Blitz (Women)"]
[Site "Munich"]
[Date "2025.05.24"]
[Round "13"]
[White "Koepke, Elena"]
[Black "Wagner, Dinara"]
[Result "0-1"]
[WhiteElo "2231"]
[BlackElo "2403"]
[PlyCount "102"]
[EventDate "2025.05.24"]
[EventType "tourn (blitz)"]
[EventRounds "29"]
[EventCountry "GER"]
[SourceTitle "CB22_2025"]
[SourceDate "2025.05.28"]
[SourceVersion "1"]
[SourceVersionDate "2025.05.28"]
[SourceQuality "1"]

1. e4 c5 2. c3 d5 3. exd5 Qxd5 4. Nf3 Nf6 5. d4 Nc6 6. Be2 e6 7. 0-0 cxd4 8. cxd4 Be7 9. Nc3 Qd6 10. a3 0-0 11. Bg5 h6 12. Be3 b6 13. Bd3 Bb7 14. Re1 Rfd8 15. Qd2 Bf8 16. Rad1 Nd5 17. Bb1 Nce7 18. Ne4 Qb8 19. Ne5 Nf5 20. Qe2 Nfxe3 21. fxe3 f6 22. Ng6 f5 23. Nxf8 Rxf8 24. Nc3 Nxc3 25. bxc3 Qd6 26. Ba2 Rae8 27. a4 Kh8 28. Rb1 Qc6 29. Bc4 Re7 30. Bb5 Qd6 31. Bd3 e5 32. Qf2 f4 33. e4 Rc8 34. Rbc1 Qa3 35. Qd2 Qxa4 36. d5 Qa3 37. c4 Rec7 38. Kh1 b5 39. Ra1 Qc5 40. cxb5 Qd4 41. Qd1 Rc3 42. Bf1 Qf2 43. Qe2 Qc5 44. Qg4 Rc2 45. h4 Rf8 46. Rab1 Bc8 47. Qg6 f3 48. gxf3 Rxf3 49. Bg2 Rff2 50. Rg1 Qe3 51. Qe8+ Kh7 0-1

[Event "GER-ch Blitz (Women)"]
[Site "Munich"]
[Date "2025.05.24"]
[Round "19"]
[White "Neumann, Helena"]
[Black "Wagner, Dinara"]
[Result "0-1"]
[WhiteElo "1964"]
[BlackElo "2403"]
[PlyCount "103"]
[EventDate "2025.05.24"]
[EventType "tourn (blitz)"]
[EventRounds "29"]
[EventCountry "GER"]
[SourceTitle "CB22_2025"]
[SourceDate "2025.05.28"]
[SourceVersion "1"]
[SourceVersionDate "2025.05.28"]
[SourceQuality "1"]

1. g3 d5 2. Bg2 c5 3. e3 Nc6 4. Ne2 Nf6 5. 0-0 g6 6. b3 Bg7 7. Bb2 0-0 8. d3 Re8 9. c4 e5 10. cxd5 Nxd5 11. a3 Be6 12. Nbc3 Rc8 13. Ne4 b6 14. h4 h6 15. N4c3 Qd7 16. Kh2 Rcd8 17. Nc1 f5 18. Qc2 f4 19. gxf4 exf4 20. Nxd5 Bxd5 21. e4 Be6 22. Bxg7 Qxg7 23. Ne2 Qf6 24. f3 Qxh4+ 25. Kg1 Ne5 26. Rad1 Bh3 27. d4 Qg5 28. Nc3 cxd4 29. Nd5 d3 30. Qf2 Bxg2 31. Qxg2 Qxg2+ 32. Kxg2 Rf8 33. Rh1 Kg7 34. Kf2 Rc8 35. Rc1 Rc2+ 36. Rxc2 dxc2 37. Ke2 Rc8 38. Rc1 g5 39. Nb4 Rc3 40. Rxc2 Re3+ 41. Kf2 Rxf3+ 42. Kg2 Rxb3 43. Rc7+ Kg6 44. Rxa7 g4 45. Nd5 Rb2+ 46. Kf1 f3 47. Nf4+ Kg5 48. Ne6+ Kf6 49. Nd4 g3 50. Rh7 g2+ 51. Kg1 Rb1+ 52. Kf2 0-1

[Event "GER-ch Blitz (Women)"]
[Site "Munich"]
[Date "2025.05.24"]
[Round "6"]
[White "Pfau, Beate"]
[Black "Wagner, Dinara"]
[Result "0-1"]
[WhiteElo "1957"]
[BlackElo "2403"]
[PlyCount "54"]
[EventDate "2025.05.24"]
[EventType "tourn (blitz)"]
[EventRounds "29"]
[EventCountry "GER"]
[SourceTitle "CB22_2025"]
[SourceDate "2025.05.28"]
[SourceVersion "1"]
[SourceVersionDate "2025.05.28"]
[SourceQuality "1"]

1. c4 e5 2. g3 Nf6 3. Bg2 d5 4. cxd5 Nxd5 5. Nc3 Nb6 6. Nf3 Nc6 7. 0-0 Be7 8. b3 0-0 9. Bb2 Be6 10. Rc1 f6 11. e3 Qd3 12. Ne1 Qd7 13. Nc2 Rad8 14. d4 exd4 15. Nxd4 Nxd4 16. exd4 c6 17. Ne4 Bd5 18. Re1 Bb4 19. Re3 Qf5 20. a3 Bd6 21. Nxd6 Rxd6 22. Re7 Rd7 23. Qe2 Bxg2 24. Kxg2 Rxe7 25. Qxe7 Qd5+ 26. f3 Qxb3 27. Qe2 Nd5 0-1

[Event "GER-ch Blitz (Women)"]
[Site "Munich"]
[Date "2025.05.24"]
[Round "28"]
[White "Wagner, Dinara"]
[Black "Heutling, Elina"]
[Result "1-0"]
[WhiteElo "2403"]
[BlackElo "1996"]
[PlyCount "41"]
[EventDate "2025.05.24"]
[EventType "tourn (blitz)"]
[EventRounds "29"]
[EventCountry "GER"]
[SourceTitle "CB22_2025"]
[SourceDate "2025.05.28"]
[SourceVersion "1"]
[SourceVersionDate "2025.05.28"]
[SourceQuality "1"]

1. d4 d5 2. c4 e6 3. Nf3 Nf6 4. g3 Be7 5. Bg2 0-0 6. Qc2 dxc4 7. Qxc4 c6 8. 0-0 b5 9. Qc2 Bb7 10. a4 Nbd7 11. Nbd2 a6 12. Nb3 c5 13. Nxc5 Nxc5 14. dxc5 Be4 15. Qc3 Rc8 16. b4 Nd5 17. Qa3 bxa4 18. Bd2 a5 19. bxa5 Bxc5 20. Qxa4 Qf6 21. Qxe4 1-0

[Event "GER-ch Blitz (Women)"]
[Site "Munich"]
[Date "2025.05.24"]
[Round "1"]
[White "Wagner, Dinara"]
[Black "Voicu Jagodzinsky, Carmen"]
[Result "1-0"]
[WhiteElo "2403"]
[BlackElo "2220"]
[PlyCount "67"]
[EventDate "2025.05.24"]
[EventType "tourn (blitz)"]
[EventRounds "29"]
[EventCountry "GER"]
[SourceTitle "CB22_2025"]
[SourceDate "2025.05.28"]
[SourceVersion "1"]
[SourceVersionDate "2025.05.28"]
[SourceQuality "1"]

1. d4 Nf6 2. c4 e6 3. Nf3 c5 4. d5 exd5 5. cxd5 d6 6. Nc3 g6 7. Nd2 Bg7 8. e4 0-0 9. Be2 Re8 10. 0-0 a6 11. a4 Nbd7 12. f3 Ne5 13. Ndb1 Qc7 14. Na3 b6 15. f4 Ned7 16. Qc2 Bb7 17. Kh1 Rad8 18. Nc4 h5 19. Bf3 Qb8 20. Bd2 Ng4 21. e5 dxe5 22. f5 e4 23. Bxg4 hxg4 24. Bf4 Qa8 25. fxg6 fxg6 26. Nd6 Rf8 27. Qxe4 Nf6 28. Qxg6 Bxd5 29. Nxd5 Qxd5 30. Bh6 Rd7 31. Nf5 Nh5 32. Bxg7 Nxg7 33. Nh6+ Kh8 34. Rxf8+ 1-0

[Event "EU-ch (Women) 25th"]
[Site "Rhodes"]
[Date "2025.04.10"]
[Round "10"]
[White "Terbe, Zsuzsanna"]
[Black "Wagner, Dinara"]
[Result "0-1"]
[WhiteElo "2192"]
[BlackElo "2435"]
[PlyCount "114"]
[EventDate "2025.03.31"]
[EventType "swiss"]
[EventRounds "11"]
[EventCountry "GRE"]
[SourceTitle "CB16_2025"]
[SourceDate "2025.04.16"]
[SourceVersion "1"]
[SourceVersionDate "2025.04.16"]
[SourceQuality "1"]

1. d4 Nf6 2. c4 e6 3. Nc3 Bb4 4. e3 0-0 5. Bd3 c5 6. a3 cxd4 7. axb4 dxc3 8. Ne2 d5 9. c5 b6 10. Nxc3 bxc5 11. bxc5 Nc6 12. Bb5 Bd7 13. 0-0 Qe7 14. Bxc6 Bxc6 15. b4 Rfb8 16. Rb1 a5 17. Ba3 axb4 18. Bxb4 e5 19. Qd2 Rd8 20. Rfe1 Qd7 21. f3 h6 22. Ne2 d4 23. Nc1 dxe3 24. Qxd7 Rxd7 25. Rxe3 Rb8 26. Reb3 Rd1+ 27. Kf2 Bd5 28. R3b2 Bc4 29. c6 Rc8 30. Nb3 Bxb3 31. Rxb3 Rxb1 32. Rxb1 Rxc6 33. Re1 Nd7 34. Re2 f6 35. Rd2 Rc7 36. Bd6 Rb7 37. h4 h5 38. Rc2 Kf7 39. Rc8 Ke6 40. Ba3 Kf5 41. Rh8 Ra7 42. Bd6 g6 43. Re8 Nb6 44. Rf8 Nd5 45. Bc5 Ra5 46. Bd6 Ra6 47. Bc5 Ra5 48. Bd6 Ra4 49. g3 Ra2+ 50. Kg1 e4 51. fxe4+ Kxe4 52. Bc5 Kf3 53. Rg8 Rg2+ 54. Kh1 Rxg3 55. Rd8 Nf4 56. Bg1 Rh3+ 57. Bh2 Rxh4 0-1

[Event "EU-ch (Women) 25th"]
[Site "Rhodes"]
[Date "2025.04.09"]
[Round "9"]
[White "Wagner, Dinara"]
[Black "Khurtsilava, Inga"]
[Result "0-1"]
[WhiteElo "2435"]
[BlackElo "2214"]
[PlyCount "184"]
[EventDate "2025.03.31"]
[EventType "swiss"]
[EventRounds "11"]
[EventCountry "GRE"]
[SourceTitle "CB16_2025"]
[SourceDate "2025.04.16"]
[SourceVersion "1"]
[SourceVersionDate "2025.04.16"]
[SourceQuality "1"]

1. d4 Nf6 2. c4 e6 3. Nf3 d5 4. g3 h6 5. Bg2 Bd6 6. 0-0 0-0 7. b3 b6 8. Bb2 Nbd7 9. Nbd2 Bb7 10. Ne5 c5 11. cxd5 exd5 12. Ndc4 Be7 13. Ne3 Re8 14. Rc1 cxd4 15. Bxd4 Nc5 16. Bb2 a5 17. Rc2 Bd6 18. Nd3 Nce4 19. Nf4 Bxf4 20. gxf4 Nh5 21. Qd4 Qd6 22. f5 Rad8 23. Bf3 Nhf6 24. Ng4 Ng5 25. Nxf6+ Qxf6 26. Bg2 Qxd4 27. Bxd4 Rd6 28. Rfc1 Ba6 29. e3 Bd3 30. Rc6 Rxc6 31. Rxc6 Bxf5 32. h4 Ne4 33. Bxb6 Ra8 34. f3 Nf6 35. Bd4 Nd7 36. a4 Be6 37. Bf1 Kf8 38. Kf2 g6 39. Ke1 Ke7 40. Kd2 Nb8 41. Rb6 Nd7 42. Rb5 Kd6 43. f4 Kc6 44. Bg2 Rb8 45. Rxa5 Rxb3 46. Bf1 Rb8 47. Bb5+ Kc7 48. Ra6 Rb7 49. Rc6+ Kd8 50. Bd3 Rc7 51. Ra6 Nc5 52. Bxc5 Rxc5 53. a5 Kc7 54. Bxg6 Kb7 55. Bd3 d4 56. exd4 Rh5 57. Rb6+ Kc7 58. Rb5 Rxh4 59. a6 Rh2+ 60. Kc3 Ra2 61. Rh5 Ra3+ 62. Kd2 Ra2+ 63. Ke3 Ra3 64. d5 Bg4 65. d6+ Kd7 66. Rb5 Kxd6 67. f5 Bh3 68. Rb4 Bxf5 69. Rd4+ Ke5 70. Rd8 Bxd3 71. Rxd3 Rxa6 72. Kf3 Rg6 73. Ra3 f5 74. Ra8 Kf6 75. Rf8+ Kg5 76. Kg3 h5 77. Ra8 h4+ 78. Kf3 Rg7 79. Rh8 Rg6 80. Ra8 h3 81. Kg3 Rh6 82. Kh2 f4 83. Rg8+ Kf5 84. Ra8 Kg4 85. Ra1 Re6 86. Ra3 Re2+ 87. Kg1 Re3 88. Ra2 f3 89. Ra8 Re1+ 90. Kh2 f2 91. Rg8+ Kf4 92. Rg4+ Ke3 0-1

[Event "EU-ch (Women) 25th"]
[Site "Rhodes"]
[Date "2025.04.08"]
[Round "8"]
[White "Schloffer, Jasmin Denise"]
[Black "Wagner, Dinara"]
[Result "0-1"]
[WhiteElo "2188"]
[BlackElo "2435"]
[PlyCount "138"]
[EventDate "2025.03.31"]
[EventType "swiss"]
[EventRounds "11"]
[EventCountry "GRE"]
[SourceTitle "CB16_2025"]
[SourceDate "2025.04.16"]
[SourceVersion "1"]
[SourceVersionDate "2025.04.16"]
[SourceQuality "1"]

1. d4 Nf6 2. c4 e6 3. Nc3 Bb4 4. e3 0-0 5. Nf3 c5 6. Bd3 d5 7. cxd5 exd5 8. 0-0 Bg4 9. dxc5 Bxc5 10. Be2 Nc6 11. a3 a5 12. Qc2 Qe7 13. Rd1 Rfd8 14. Qa4 Bxf3 15. Bxf3 d4 16. Bxc6 bxc6 17. exd4 Rxd4 18. Qc2 Rxd1+ 19. Qxd1 Ng4 20. Be3 Nxe3 21. fxe3 Qxe3+ 22. Kh1 Re8 23. h3 Qe5 24. Qd2 Qg3 25. Rd1 h5 26. Ne2 Qf2 27. Nf4 Qxd2 28. Rxd2 Re1+ 29. Kh2 h4 30. g4 Be3 31. Rd8+ Kh7 32. Nd3 Re2+ 33. Kh1 Rd2 34. b4 a4 35. Rd7 Rd1+ 36. Kg2 Bc1 37. Nc5 Rxd7 38. Nxd7 Bxa3 39. Nb6 Bxb4 40. Nxa4 Kg6 41. Kf3 Kf6 42. Ke4 Ke6 43. Nb2 g6 44. Nc4 f5+ 45. gxf5+ gxf5+ 46. Kf4 Kf6 47. Kf3 Be1 48. Ke2 Bb4 49. Kf3 Bc3 50. Ne3 Be5 51. Nc4 Bc7 52. Ke3 c5 53. Nd2 Ke6 54. Nf3 Bg3 55. Kd3 Kd5 56. Nd2 Ke5 57. Nc4+ Kf4 58. Nd6 Bf2 59. Ke2 Bd4 60. Kf1 Be5 61. Nc4 Bf6 62. Kf2 Bd4+ 63. Kg2 Ke4 64. Nd6+ Ke5 65. Nc4+ Kd5 66. Nd2 c4 67. Kf3 c3 68. Nb3 Kc4 69. Nc1 Be5 0-1